Basic electricity , a text lab manual, 7/E (Record no. 291370)

000 -LEADER
fixed length control field 00309 a2200133 4500
001 - CONTROL NUMBER
control field 56297
082 ## - DEWEY DECIMAL CLASSIFICATION NUMBER
Classification number 621.31078 ZBA
090 ## - LOCALLY ASSIGNED LC-TYPE CALL NUMBER (OCLC); LOCAL CALL NUMBER (RLIN)
-- 34816
-- 34816
100 ## - MAIN ENTRY--PERSONAL NAME
Personal name Zbar, P. B
245 ## - TITLE STATEMENT
Title Basic electricity , a text lab manual, 7/E
250 ## - EDITION STATEMENT
Edition statement 7
260 ## - PUBLICATION, DISTRIBUTION, ETC.
Place of publication, distribution, etc. Boston
Name of publisher, distributor, etc. McGRaw
Date of publication, distribution, etc. 2001
300 ## - PHYSICAL DESCRIPTION
Extent xii, 460
942 ## - ADDED ENTRY ELEMENTS (KOHA)
Institution code [OBSOLETE] NUST-CAE
Call number prefix 621.31078 ZBA
Holdings
Withdrawn status Lost status Damaged status Not for loan Collection code Permanent Location Current Location Date acquired Total Checkouts Full call number Barcode Date last seen Price effective from Koha item type
          College of Aeronautical Engineering (CAE) College of Aeronautical Engineering (CAE) 04/03/2017   621.31078 ZBA CAEN-2230 04/05/2017 04/05/2017 Book
© 2023 Central Library, National University of Sciences and Technology. All Rights Reserved.